| 000 | 00745nam a2200229Ia 4500 | ||
|---|---|---|---|
| 001 | 8837 | ||
| 003 | GE_BSU | ||
| 008 | 181216s||||||||xx |||||||||||||| ||und|| | ||
| 040 | _cGE_BSU | ||
| 080 | _a821.353.1–1 | ||
| 100 | _aკალაძე,კარლო | ||
| 245 | _aჩემს ბაღში | ||
| 245 | _bლექსები | ||
| 245 | _cრედ. ა.ადამია.მხატვ.რედ. ირ. ჯანაშვილი | ||
| 260 | _aთბილისი | ||
| 260 | _bლიტერატურა და ხელოვნება | ||
| 260 | _c1964 | ||
| 300 | _a119გვ. 16სმ, 1ფ.პორტრ | ||
| 653 | _aლექსები | ||
| 653 | _aჩემს ბაღში | ||
| 942 | _cBK | ||
| 999 |
_c42144 _d42144 |
||